000 00417pab a2200169 454500
008 180718b1980 xxu||||| |||| 00| 0 eng d
100 _aGupta, Shiva K.
245 _aTrends and pattern of urbanisation in U.P.
260 _c1980
300 _ap.8-23.
362 _aOct-Dec
650 _aUrbanization - India - Uttar Pradesh
650 _aUrbanization
773 _aNagarlok
908 _aN
909 _a102047
999 _c102045
_d102045